[Event "I Miedzynarodowy Memorial Ireny Warakomskiej - Open A"]
[Site "Suwalki"]
[Date "2017-08-14"]
[Round "5.28"]
[White "Dzierzak, Radoslaw "]
[Black "Juhasz, Barbara"]
[Result "1/2-1/2"]
[WhiteTitle ""]
[BlackTitle ""]
[WhiteElo "2276"]
[BlackElo "2200"]

1. e4 c5 2. Nf3 e6 3. d4 cxd4 4. Nxd4 a6 5. Nc3 Qc7 6. Be2 Nf6 7. O-O Be7 8. f4
d6 9. Be3 O-O 10. Kh1 b5 11. Bf3 Bb7 12. e5 dxe5 13. fxe5 Nfd7 14. Bf4 Nc6 15.
Nxc6 Bxc6 16. Bxc6 Qxc6 17. Qg4 Rfe8 18. Rae1 Nf8 19. h4 Rad8 20. Ne4 Ng6 21.
h5 Nxf4 22. Rxf4 Rd5 23. Ref1 Rf8 24. h6 g6 25. Qf3 Qe8 26. Rh4 Qd8 27. Nf6+ Bxf6
28. Qxf6 Qxf6 29. exf6 Rc8 30. c3 Kf8 31. a4 Ke8 32. axb5 axb5 33. Rb4 Kd7 34.
Ra1 Kd6 35. Ra7 Rc7 36. Ra8 Ke5 37. Rh8 Kxf6 38. Rxh7 Rc8 39. Rf4+ Rf5 40. Rd4
Rf8 41. g4 Rf2 42. Kg1 Rxb2 43. Rf4+ Kg5 44. Rhxf7 Rxf7 45. Rxf7 Kxh6 46. Re7
Rc2 47. Rxe6 Rxc3 48. Rb6 Rc5 49. Kf2 Kg5 50. Kf3 Rc3+ 51. Kg2 Rb3 52. Kf2 b4
53. Ke2 Rb2+ 54. Kf3 Rb1 55. Ke2 b3 56. Kf3 b2 57. Kg2 Kxg4 58. Rxg6+ Kf4 59.
Rb6 Ke3 60. Rb8 1/2-1/2

[Event "I Miedzynarodowy Memorial Ireny Warakomskiej - Open A"]
[Site "Suwalki"]
[Date "2017-08-14"]
[Round "5.29"]
[White "Bugalski, Michal "]
[Black "Sliwicki, Damian "]
[Result "1/2-1/2"]
[WhiteTitle ""]
[BlackTitle ""]
[WhiteElo "2250"]
[BlackElo "2136"]

1. e4 c5 2. c3 d5 3. exd5 Qxd5 4. d4 cxd4 5. cxd4 Nc6 6. Nf3 e5 7. Nc3 Bb4 8. Bd2
Bxc3 9. Bxc3 e4 10. Ne5 Nxe5 11. dxe5 Ne7 12. Be2 O-O 13. O-O Bf5 14. Qa4 Qe6
15. Bc4 Qg6 16. Rfd1 Bg4 17. Rd6 Qg5 18. Bf1 Nf5 19. Qxe4 Nxd6 20. exd6 Qg6 21.
Qxb7 Qxd6 22. Bb4 Qb8 23. Qe4 Bf5 24. Qh4 Re8 25. Bc3 Qd6 26. Qg5 Qg6 27. Qf4
Bd3 28. h3 Bxf1 29. Rxf1 Rad8 30. a3 a6 31. Rc1 h6 32. Qc4 Rd3 33. Kh1 Red8 34.
Qa4 Qd6 35. Qc4 Rd5 36. Re1 Rg5 37. Bb4 Qd5 38. Qxd5 Rgxd5 39. Re7 Rf5 40. Re2
f6 41. Bc3 Kf7 42. Kg1 Rfd5 43. Re4 Re8 44. Ra4 Rd6 45. g3 Re2 46. Kg2 Rde6 47.
Ra5 Ke8 48. Rd5 Rc2 49. Ra5 Kd7 50. Rd5+ Kc6 51. Ra5 Ree2 52. Rf5 Kb7 53. Kf1
Kc6 54. Bd4 Red2 55. Bc3 Rd5 56. Rf4 Kd6 57. Rc4 Kd7 58. Rf4 Ke6 59. Re4+ Kf7
60. Kg2 Rf5 61. Bd4 Rc4 62. b3 Rc2 63. Ba7 Rb5 64. b4 Re5 65. Rd4 Ra2 66. Rd3
Re1 67. Bc5 Rea1 68. b5 axb5 69. Rb3 Rc2 70. Rxb5 Raa2 71. Kg1 Kg6 72. Kg2 Re2
73. Rb3 Re5 74. Rc3 Kf7 75. Bb4 Rf5 76. Bc5 Ke6 77. Bb6 Kd6 78. Bc7+ Kd7 79. Bb6
Rb5 80. Bc5 Rbb2 81. Rf3 Rd2 82. Bf8 g5 83. Rxf6 h5 84. Rf5 Ke6 85. Rf3 Rd5 86.
Bb4 Rf5 87. Rxf5 Kxf5 88. Kf3 Ra1 89. g4+ Kg6 90. Kg2 Rd1 91. Bc5 Rd5 92. Be7
Rd3 93. Bc5 hxg4 94. hxg4 Kf6 95. Kh2 Rd5 96. Be3 Ra5 97. Bc1 Kg6 98. Kg2 Rc5
99. Bd2 Rc4 100. Kg3 Kf6 101. Bb4 Rc2 102. Bd6 Rd2 103. Bc5 Rd3+ 104. Kg2 Rd5
105. Be3 Kg6 106. Bb6 Re5 107. Be3 Ra5 108. Bc1 Rc5 109. Bd2 Kf7 110. Be3 Re5
111. Kg3 Ke6 112. a4 Ra5 113. Bd2 Rd5 114. Be3 Kf6 115. Bb6 Ke5 116. a5 Rd3+ 117.
Be3 Ra3 118. a6 Rxa6 119. Bxg5 Ke4 120. Be3 Ra1 121. Kg2 Rd1 122. Bg5 Kd3 1/2-1/2

[Event "I Miedzynarodowy Memorial Ireny Warakomskiej - Open A"]
[Site "Suwalki"]
[Date "2017-08-14"]
[Round "5.30"]
[White "Mucha, Piotr "]
[Black "Polok, Kacper"]
[Result "0-1"]
[WhiteTitle ""]
[BlackTitle ""]
[WhiteElo "2155"]
[BlackElo "2249"]

1. e4 e6 2. Qe2 Be7 3. Nf3 d5 4. d3 Nf6 5. g3 b6 6. Bg2 dxe4 7. dxe4 Ba6 8. c4
Bb7 9. e5 Nfd7 10. O-O a5 11. Rd1 Na6 12. Nc3 Nac5 13. Nd4 Bxg2 14. Kxg2 Qc8 15.
Nc6 Qb7 16. Qf3 Nb8 17. Nxe7 Qxf3+ 18. Kxf3 Kxe7 19. Bg5+ f6 20. exf6+ gxf6 21.
Bf4 Nba6 22. Nb5 e5 23. Be3 c6 24. Nd6 Ke6 25. g4 h5 26. h3 hxg4+ 27. hxg4 Rad8
28. Nf5 Nb4 29. Bxc5 bxc5 30. Ke4 Nc2 31. Rac1 Rxd1 32. Rxd1 Nd4 33. Nxd4+ cxd4
34. Rd3 Rb8 35. Rd2 a4 36. f4 a3 37. bxa3 Rb1 38. fxe5 fxe5 39. Rh2 Re1+ 40. Kd3
Re3+ 41. Kd2 Kd6 42. Rh6+ Kc5 43. Re6 Kxc4 44. Rxc6+ Kd5 45. Ra6 Ke4 46. g5 Rg3
47. g6 Rg2+ 48. Ke1 Ke3 49. Kf1 Rg4 50. a4 d3 51. a5 d2 52. Rd6 Rxg6 0-1

[Event "I Miedzynarodowy Memorial Ireny Warakomskiej - Open A"]
[Site "Suwalki"]
[Date "2017-08-14"]
[Round "5.31"]
[White "Scripcaru, George-daniel "]
[Black "Mokal, Amruta Sunil"]
[Result "0-1"]
[WhiteTitle ""]
[BlackTitle ""]
[WhiteElo "2247"]
[BlackElo "2047"]

1. d4 Nf6 2. c4 e6 3. Nc3 Bb4 4. Qc2 c5 5. dxc5 Bxc5 6. Nf3 Nc6 7. Bf4 O-O 8. e3
d5 9. Rd1 Qa5 10. Nd2 e5 11. Bg5 d4 12. Nb3 Qb6 13. Nxc5 Qxc5 14. Bxf6 dxc3 15.
Bh4 Bg4 16. Qxc3 Bxd1 17. Kxd1 e4 18. Be2 Nb4 19. a3 Nd3 20. b4 Qf5 21. Kc2 Rac8
22. Kb1 Qe6 23. Bxd3 exd3 24. Qxd3 Rxc4 25. Bg3 Rfc8 26. Rd1 h6 27. Qd5 Qg6+ 28.
Rd3 b5 29. Be5 Rc1+ 30. Ka2 R1c2+ 31. Kb3 Qa6 32. Qd8+ Kh7 0-1

[Event "I Miedzynarodowy Memorial Ireny Warakomskiej - Open A"]
[Site "Suwalki"]
[Date "2017-08-14"]
[Round "5.32"]
[White "Puczylowski, Marcin"]
[Black "Okrucinski, Tadeusz"]
[Result "1/2-1/2"]
[WhiteTitle ""]
[BlackTitle ""]
[WhiteElo "2103"]
[BlackElo "2244"]

1. e4 c5 2. c3 d5 3. exd5 Qxd5 4. d4 Nc6 5. Nf3 Bg4 6. Be2 cxd4 7. cxd4 e6 8. Nc3
Bb4 9. O-O Bxc3 10. bxc3 Nge7 11. h3 Bh5 12. c4 Qd7 13. Ba3 O-O-O 14. Qa4 Bxf3
15. Bxf3 Nxd4 16. Bxb7+ Kxb7 17. Qb4+ Ka8 18. Qxe7 Qxe7 19. Bxe7 Rd7 20. Rfd1
Rc8 21. c5 Rxe7 22. Rxd4 Rxc5 23. Rd8+ Kb7 24. Rb1+ Kc6 25. g3 Rd7 26. Rc8+ Rc7
27. Rh8 h5 28. Rb3 g6 29. Ra3 Kb7 30. Rb3+ Ka6 31. Rf8 Ra5 32. Rf3 Rxa2 33. R8xf7
Rxf7 34. Rxf7 Rc2 35. Rf6 Kb5 36. Rxe6 Rc6 37. Re1 a5 38. Kg2 a4 39. g4 hxg4 40.
hxg4 a3 41. f4 a2 42. Ra1 Ra6 43. Kg3 Kc4 44. Kh4 Ra5 45. f5 gxf5 46. gxf5 Kb3
47. Kg5 Kb2 48. Rxa2+ Kxa2 49. Kg6 Kb3 50. f6 1/2-1/2

[Event "I Miedzynarodowy Memorial Ireny Warakomskiej - Open A"]
[Site "Suwalki"]
[Date "2017-08-14"]
[Round "5.33"]
[White "Zochowski, Kacper"]
[Black "Bukojemski, Adam "]
[Result "1/2-1/2"]
[WhiteTitle ""]
[BlackTitle ""]
[WhiteElo "2239"]
[BlackElo "2183"]

1. c4 c5 2. g3 g6 3. Bg2 Bg7 4. Nc3 Nc6 5. Nf3 e5 6. O-O Nge7 7. Ne1 a6 8. Nc2
b5 9. d3 Rb8 10. Ne3 O-O 11. Ned5 d6 12. Rb1 Nxd5 13. Nxd5 Bb7 14. cxb5 axb5 15.
b4 Ne7 16. Qb3 Nxd5 17. Bxd5 Qc7 18. Bxb7 Rxb7 19. bxc5 dxc5 20. Be3 Rc8 21. Rfc1
Qd6 22. Rc2 e4 23. Rbc1 Bd4 24. Bf4 Qe7 25. Qd5 exd3 26. exd3 Rd8 27. Qc6 Qd7
28. Qf3 Ra7 29. Re1 Ra3 30. Kg2 c4 31. Rd1 Bg7 32. Rcd2 c3 33. Re2 Re8 34. Rde1
Rxe2 35. Rxe2 Qc8 36. Qe4 Bf8 37. d4 Qe6 38. Qxe6 fxe6 39. Bc1 Ra6 40. Rc2 b4
41. Kf3 Bg7 42. Be3 e5 43. dxe5 Bxe5 44. Ke2 Bd6 45. Kd3 Kf7 46. Kc4 h5 47. Re2
Kf6 48. Bc1 Kf5 49. h3 Ra5 1/2-1/2

[Event "I Miedzynarodowy Memorial Ireny Warakomskiej - Open A"]
[Site "Suwalki"]
[Date "2017-08-14"]
[Round "5.34"]
[White "Smolka, Marcin "]
[Black "Jaroch, Karol"]
[Result "1/2-1/2"]
[WhiteTitle ""]
[BlackTitle ""]
[WhiteElo "2133"]
[BlackElo "2235"]

1. e4 e6 2. Nf3 d5 3. e5 c5 4. b4 c4 5. c3 a5 6. b5 Qb6 7. d3 cxd3 8. Bxd3 Nd7
9. O-O Ne7 10. Re1 Ng6 11. h4 Bc5 12. Qe2 a4 13. h5 Ne7 14. h6 g6 15. Na3 Nf5
16. g4 Nxh6 17. Bxh6 Bxa3 18. Ng5 Be7 19. Qf3 Bxg5 20. Bxg5 h5 21. Kg2 hxg4 22.
Qf4 Qc7 23. Rh1 Rf8 24. Rae1 Qxc3 25. Rh7 Qxe1 26. Bxg6 fxg6 27. Re7+ Kd8 28.
Rxd7+ Kxd7 29. Qxf8 Qe4+ 30. Kg1 Qe1+ 31. Kg2 1/2-1/2

[Event "I Miedzynarodowy Memorial Ireny Warakomskiej - Open A"]
[Site "Suwalki"]
[Date "2017-08-14"]
[Round "5.35"]
[White "Zaika, Daniil"]
[Black "Dmochowska, Agnieszka"]
[Result "0-1"]
[WhiteTitle ""]
[BlackTitle ""]
[WhiteElo "2101"]
[BlackElo "2234"]

1. d4 Nf6 2. c4 e6 3. Nc3 Bb4 4. e3 c5 5. Nge2 b6 6. a3 Ba5 7. Rb1 Nc6 8. d5 exd5
9. cxd5 Bxc3+ 10. Nxc3 Ne5 11. f4 Ng6 12. Be2 d6 13. O-O O-O 14. e4 Re8 15. Qc2
a6 16. a4 Qe7 17. Re1 Nxe4 18. Bd3 f5 19. Bd2 Qf6 20. Nxe4 fxe4 21. Bxe4 Bd7 22.
Bc3 Qf7 23. Ra1 Rf8 24. g3 Rae8 25. h4 Bg4 26. Bd3 a5 27. Qb3 Nxf4 28. Rf1 Nh3+
29. Kg2 Qf2+ 0-1

[Event "I Miedzynarodowy Memorial Ireny Warakomskiej - Open A"]
[Site "Suwalki"]
[Date "2017-08-14"]
[Round "5.36"]
[White "Dzhuguryan, Tygran "]
[Black "Wozniak, Mariola "]
[Result "1-0"]
[WhiteTitle ""]
[BlackTitle ""]
[WhiteElo "2230"]
[BlackElo "2181"]

1. d4 f5 2. Nf3 Nf6 3. Bg5 e6 4. g3 d5 5. Bg2 Bd6 6. O-O O-O 7. Nbd2 h6 8. Bf4
Qe7 9. c4 c6 10. Ne5 Kh7 11. c5 Bc7 12. Nd3 g5 13. Bxc7 Qxc7 14. Nf3 Bd7 15. Nfe5
Be8 16. b4 Nbd7 17. e3 Bh5 18. Qc2 Nxe5 19. Nxe5 Ng4 20. Nxg4 Bxg4 21. f4 Rg8
22. Rab1 a6 23. a4 Kh8 24. Rb2 Rg7 25. Rfb1 Rag8 26. b5 axb5 27. axb5 gxf4 28.
exf4 h5 29. bxc6 bxc6 30. Qd2 h4 31. Rb3 Qf7 32. Qe3 Qf6 33. Rb8 Ra7 34. gxh4
Ra4 35. R8b4 Ra2 36. R1b2 Rxb2 37. Rxb2 Ra8 38. h3 Bh5 39. Kh2 Ra4 40. Rb8+ Kh7
41. Rb7+ Kh6 42. Qg3 Rxd4 43. Qg8 Bg6 44. h5 Rxf4 45. hxg6 1-0

[Event "I Miedzynarodowy Memorial Ireny Warakomskiej - Open A"]
[Site "Suwalki"]
[Date "2017-08-14"]
[Round "5.37"]
[White "Walkusz, Witoslaw"]
[Black "Czajkowski, Adam "]
[Result "1/2-1/2"]
[WhiteTitle ""]
[BlackTitle ""]
[WhiteElo "2115"]
[BlackElo "2223"]

1. e4 c5 2. Nf3 e6 3. b3 a6 4. Bb2 Nc6 5. Bd3 Nf6 6. Nc3 d5 7. exd5 exd5 8. h3
Nb4 9. O-O Nxd3 10. Qe2+ Be7 11. Qxd3 O-O 12. Rfe1 d4 13. Ne2 Nd5 14. c3 dxc3
15. dxc3 Be6 16. Rad1 Qa5 17. c4 Nb4 18. Qc3 Bf6 19. Ne5 Qc7 20. Nf4 Rad8 21.
Rxd8 Rxd8 22. Qg3 Nc2 23. Nxf7 Qxf7 24. Bxf6 Qxf6 25. Rxe6 Qf7 26. Qg5 Rd1+ 27.
Kh2 h6 28. Qe5 Re1 29. Qb8+ Kh7 30. Ng6 Rxe6 31. Nf8+ Kg8 32. Nxe6+ Kh7 33. Qe5
b6 34. Qe4+ Kg8 35. Qa8+ Kh7 36. Nf8+ Kg8 37. Nd7+ Kh7 38. Qe4+ Kg8 39. Qd5 Nb4
40. Qxf7+ Kxf7 41. Nxb6 Ke6 42. Na4 Kd6 43. Nc3 Ke5 44. Kg3 Kd4 45. Ne2+ Ke5 46.
f4+ Ke4 47. Nc3+ Kd3 48. Na4 Kd4 49. a3 Nc2 50. f5 Nxa3 51. Kf4 Nc2 52. g4 Na1
53. h4 Nxb3 54. g5 hxg5+ 55. hxg5 Kxc4 56. Ke5 Nd4 57. f6 Nf3+ 58. Kd6 gxf6 59.
gxf6 Ng5 60. Nxc5 a5 1/2-1/2

[Event "I Miedzynarodowy Memorial Ireny Warakomskiej - Open A"]
[Site "Suwalki"]
[Date "2017-08-14"]
[Round "5.38"]
[White "Suliborski, Jakub"]
[Black "Jakubiec, Edyta"]
[Result "0-1"]
[WhiteTitle ""]
[BlackTitle ""]
[WhiteElo "2122"]
[BlackElo "2212"]

1. e4 c5 2. Nf3 d6 3. d4 cxd4 4. Nxd4 Nf6 5. Nc3 a6 6. h3 e5 7. Nde2 b5 8. g4 b4
9. Nd5 Nxd5 10. exd5 Be7 11. Be3 a5 12. Ng3 O-O 13. Bd3 Na6 14. Qf3 Bg5 15. Bxg5
Qxg5 16. Ne4 Qe7 17. g5 f5 18. gxf6 gxf6 19. Ng3 f5 20. Nxf5 Bxf5 21. Bxf5 Kh8
22. Qh5 Ra7 23. O-O-O Qf6 24. Be6 Rc7 25. Rd2 Nc5 26. Rg1 b3 27. a3 bxc2 28. Rxc2
Nxe6 29. dxe6 Rxc2+ 0-1

[Event "I Miedzynarodowy Memorial Ireny Warakomskiej - Open A"]
[Site "Suwalki"]
[Date "2017-08-14"]
[Round "5.39"]
[White "Tomaszewski, Kacper"]
[Black "Krzywda, Andrzej "]
[Result "1/2-1/2"]
[WhiteTitle ""]
[BlackTitle ""]
[WhiteElo "2203"]
[BlackElo "2173"]

1. d4 Nf6 2. c4 e6 3. Nc3 Bb4 4. f3 O-O 5. a3 Bxc3+ 6. bxc3 Ne8 7. e4 b6 8. Bd3
Ba6 9. Nh3 Nc6 10. Qe2 Na5 11. e5 f6 12. O-O c5 13. Ra2 cxd4 14. cxd4 Rc8 15.
Rc2 d5 16. exd6 Nxd6 17. Nf4 Re8 18. Nxe6 Qe7 19. d5 Bxc4 20. Bxc4 Rxc4 21. Rxc4
Naxc4 22. Rd1 b5 23. Qd3 a5 24. Nd4 Qa7 25. Kh1 Qc5 26. Ne6 Qb6 27. h3 Rc8 28.
f4 b4 29. axb4 axb4 30. Nd4 Re8 31. Rf1 Re4 32. Nb3 f5 33. Kh2 h6 34. Bd2 Kh8
35. Rc1 Kh7 36. Ra1 Qf2 37. Rf1 Qb6 38. Ra1 Nxd2 39. Qxd2 Nc4 40. Qd3 Qd6 41.
g3 Qf6 42. Ra2 Nd6 43. Rd2 Qe7 44. Nd4 Re3 45. Qb1 Ne4 46. Rg2 g6 47. Nc2 Rc3
48. Qxb4 Qxb4 49. Nxb4 Rb3 50. Nc6 Rd3 51. Nb4 Rb3 52. Nc6 Rd3 1/2-1/2

[Event "I Miedzynarodowy Memorial Ireny Warakomskiej - Open A"]
[Site "Suwalki"]
[Date "2017-08-14"]
[Round "5.40"]
[White "Chojnowski, Marcin "]
[Black "Kumala, Aleksander "]
[Result "1/2-1/2"]
[WhiteTitle ""]
[BlackTitle ""]
[WhiteElo "2070"]
[BlackElo "2189"]

1. d4 Nf6 2. Nf3 e6 3. c4 Nc6 4. g3 Bb4+ 5. Bd2 Bxd2+ 6. Qxd2 d6 7. Bg2 O-O 8.
Nc3 e5 9. O-O exd4 10. Nxd4 Bd7 11. Nxc6 Bxc6 12. Nd5 a5 13. Rac1 Nd7 14. e4 Re8
15. f4 Nc5 16. Rfe1 Qd7 17. h3 Bxd5 18. cxd5 Qb5 19. Rc3 f6 20. Rce3 Qb4 21. Qe2
Re7 22. Kh2 Rae8 23. g4 c6 24. dxc6 bxc6 25. a3 Qa4 26. b4 axb4 27. Qc4+ Kh8 28.
e5 g5 29. exf6 Rxe3 30. Rxe3 Rxe3 31. Qf7 Rxh3+ 32. Bxh3 Qc2+ 33. Bg2 Qg6 34.
Qf8+ Qg8 35. Qxd6 Ne6 36. axb4 Nxf4 37. Qe5 Ng6 38. Qxg5 Qb8+ 39. Kh1 Qxb4 40.
Qf5 Qe1+ 41. Kh2 Qe5+ 42. Qxe5 Nxe5 43. Kg3 1/2-1/2

[Event "I Miedzynarodowy Memorial Ireny Warakomskiej - Open A"]
[Site "Suwalki"]
[Date "2017-08-14"]
[Round "5.41"]
[White "Paprocki, Jaroslaw "]
[Black "Ocytko, Andrzej"]
[Result "0-1"]
[WhiteTitle ""]
[BlackTitle ""]
[WhiteElo "2183"]
[BlackElo "2127"]

1. d4 Nf6 2. c4 e6 3. Nf3 d5 4. Nc3 a6 5. cxd5 exd5 6. Bf4 Bd6 7. Bg3 Qe7 8. Qc2
O-O 9. e3 Nbd7 10. Bh4 c6 11. Bd3 h6 12. O-O-O Re8 13. Kb1 g5 14. Bg3 Bxg3 15.
hxg3 Kg7 16. Rde1 Ne4 17. Bxe4 dxe4 18. Nd2 Nf6 19. Nc4 Bf5 20. Nb6 Rad8 21. Nca4
Be6 22. Rc1 Nd5 23. Nxd5 Bxd5 24. Qd2 a5 25. Rc5 b5 26. Nc3 Qxc5 27. dxc5 Bxa2+
28. Kc1 Rxd2 29. Kxd2 Bc4 30. Ra1 a4 31. g4 Re5 32. Rc1 Be6 33. Ne2 Bxg4 34. Nd4
Rd5 35. Rc3 h5 36. Kc1 Bd7 37. b3 axb3 38. Nxb3 h4 39. Nd4 g4 40. Ne2 h3 41. gxh3
gxh3 42. Ng3 h2 43. f4 Bg4 44. Kb2 Rd1 45. Rc2 h1=Q 46. Nxh1 Rxh1 47. Rd2 Rd1
48. Rg2 f5 49. Kc3 Rd3+ 50. Kb4 Rxe3 51. Ka5 Rc3 52. Kb6 e3 53. Kxc6 e2 54. Rg1
Rd3 55. Ra1 Rd1 56. Ra7+ Kg6 57. Re7 b4 58. Kb5 b3 0-1

[Event "I Miedzynarodowy Memorial Ireny Warakomskiej - Open A"]
[Site "Suwalki"]
[Date "2017-08-14"]
[Round "5.42"]
[White "Wisniewski, Michal "]
[Black "Chinguun, Sumiya "]
[Result "1-0"]
[WhiteTitle ""]
[BlackTitle ""]
[WhiteElo "2180"]
[BlackElo "2120"]

1. d4 Nf6 2. Nf3 g6 3. Bf4 Bg7 4. e3 d6 5. h3 Nbd7 6. Be2 O-O 7. O-O c6 8. c3 Qc7
9. Nbd2 Re8 10. Bh2 e5 11. Nc4 b5 12. dxe5 dxe5 13. Qd6 Qxd6 14. Nxd6 Re6 15.
Rfd1 Nd5 16. Nxb5 a6 17. Na3 Bf6 18. Nd2 Nc5 19. Nb3 Na4 20. Rd2 Re8 21. Nc4 Rb8
22. Nd6 Re7 23. Nxc8 Rxc8 24. Bxa6 Ra8 25. Be2 Rb7 26. Rc1 e4 27. g4 h6 28. Bc4
Ndb6 29. Bf1 Be7 30. Nd4 c5 31. Nb5 c4 32. b3 Nc5 33. bxc4 Ra4 34. Bd6 Nxc4 35.
Bxc4 Rxc4 36. Bxe7 Rxe7 37. Rd4 Ra4 38. Rxa4 Nxa4 39. Rd1 Rb7 40. Nd6 Rd7 41.
c4 Nc3 42. Rd2 Nxa2 43. Nxe4 Ra7 44. Rb2 Ra4 45. Nd6 Nb4 46. c5 h5 47. gxh5 gxh5
48. Kg2 Kg7 49. Nf5+ Kf6 50. Nd4 Nd3 51. Rb6+ Ke5 52. c6 Kd6 53. Nb5+ Kc5 54.
c7 Kxb6 55. c8=Q Kxb5 56. Qd7+ Kb4 57. Qxd3 h4 58. Qd4+ Ka5 59. Qxa4+ Kxa4 60.
Kf3 f5 1-0

[Event "I Miedzynarodowy Memorial Ireny Warakomskiej - Open A"]
[Site "Suwalki"]
[Date "2017-08-14"]
[Round "5.43"]
[White "Zgadzaj, Rafal "]
[Black "Khamidov, Komil"]
[Result "1-0"]
[WhiteTitle ""]
[BlackTitle ""]
[WhiteElo "2147"]
[BlackElo "2110"]

1. c4 c6 2. Nf3 d5 3. g3 Nf6 4. Bg2 g6 5. b3 Bg7 6. Bb2 O-O 7. O-O b6 8. d4 Bb7
9. Nbd2 Nbd7 10. Rc1 e6 11. Qc2 Rc8 12. Rfd1 Qc7 13. Qb1 Qb8 14. Qa1 Rfd8 15.
e3 h6 16. Ne5 Nxe5 17. dxe5 Nd7 18. f4 Nc5 19. Bd4 Nd3 20. Rc3 Nb4 21. a3 Na6
22. Rcc1 c5 23. Bb2 dxc4 24. Nxc4 Bxg2 25. Kxg2 Rxd1 26. Rxd1 Rd8 27. Nd6 Nc7
28. Kf2 Rd7 29. Qc1 Qd8 30. Ke2 Ne8 31. Nc4 b5 32. Nd2 Bf8 33. Ne4 Rxd1 34. Qxd1
Qd5 35. Qxd5 exd5 36. Nc3 Nc7 37. e4 dxe4 38. Ke3 c4 39. b4 h5 40. Nxe4 Be7 41.
Nd6 a6 42. Kd4 f6 43. Kc5 fxe5 44. fxe5 Bg5 45. Kc6 Ne6 46. Kb7 Bd2 47. Ne4 Be1
48. Kxa6 Nc7+ 49. Kb6 Nd5+ 50. Kxb5 c3 51. Bc1 Kf7 52. Kc4 Ke6 53. Nc5+ 1-0